A Comprehensive guide to practice teaching and professional development / (Record no. 88470)
[ view plain ]
| 000 -LEADER | |
|---|---|
| fixed length control field | 01060nam a22003017a 4500 |
| 003 - CONTROL NUMBER IDENTIFIER | |
| control field | URS |
| 005 - DATE AND TIME OF LATEST TRANSACTION | |
| control field | 20251023094554.0 |
| 008 - FIXED-LENGTH DATA ELEMENTS--GENERAL INFORMATION | |
| fixed length control field | 251023b |||||||| |||| 00| 0 eng d |
| 020 ## - INTERNATIONAL STANDARD BOOK NUMBER | |
| International Standard Book Number | 978-621-08-0119-4 |
| 040 ## - CATALOGING SOURCE | |
| Language of cataloging | Tagalog |
| Transcribing agency | URS |
| Description conventions | rda |
| 050 ## - LIBRARY OF CONGRESS CALL NUMBER | |
| Classification number | PL6054 |
| Item number | .M842 2025 |
| 100 ## - MAIN ENTRY--PERSONAL NAME | |
| Personal name | Mortera, Melvin Orio, |
| Relator term | author. |
| 245 ## - TITLE STATEMENT | |
| Title | A Comprehensive guide to practice teaching and professional development / |
| Statement of responsibility, etc | Christise E. Cordova...[and three others]. |
| 250 ## - EDITION STATEMENT | |
| Edition statement | First edition. |
| 264 ## - PUBLICATION, DISTRIBUTION, ETC. (IMPRINT) | |
| Place of publication, distribution, etc | Malabon City : |
| Name of publisher, distributor, etc | Mutya Publishing House, Inc., |
| Date of publication, distribution, etc | ©2025. |
| 300 ## - PHYSICAL DESCRIPTION | |
| Extent | 113 pages ; |
| Dimensions | 26 cm. |
| 336 ## - CONTENT TYPE | |
| Source | rdacontent |
| Content type term | text |
| Content type code | txt |
| 337 ## - MEDIA TYPE | |
| Source | rdamedia |
| Media type term | unmediated |
| Media type code | n |
| 338 ## - CARRIER TYPE | |
| Source | rdacarrier |
| Carrier type term | volume |
| Carrier type code | nc |
| 504 ## - BIBLIOGRAPHY, ETC. NOTE | |
| Bibliography, etc | Includes bibliographical references. |
| 650 #0 - SUBJECT ADDED ENTRY--TOPICAL TERM | |
| Topical term or geographic name as entry element | Student teaching. |
| 9 (RLIN) | 6593 |
| 650 #0 - SUBJECT ADDED ENTRY--TOPICAL TERM | |
| Topical term or geographic name as entry element | Teachers |
| General subdivision | Training of. |
| 9 (RLIN) | 1336 |
| 700 ## - ADDED ENTRY--PERSONAL NAME | |
| Personal name | Cordova, Christise E., |
| Relator term | author. |
| 9 (RLIN) | 6594 |
| 700 ## - ADDED ENTRY--PERSONAL NAME | |
| Personal name | Sumalinog, Gino G., |
| Relator term | author. |
| 9 (RLIN) | 6595 |
| 700 ## - ADDED ENTRY--PERSONAL NAME | |
| Personal name | Revalde, Helen O., |
| Relator term | author. |
| 9 (RLIN) | 6596 |
| 700 ## - ADDED ENTRY--PERSONAL NAME | |
| Personal name | Elcullada, Renan O., |
| Relator term | author. |
| 9 (RLIN) | 6597 |
| 942 ## - ADDED ENTRY ELEMENTS (KOHA) | |
| Source of classification or shelving scheme | Library of Congress Classification |
| Koha item type | Filipiniana |
| Withdrawn status | Lost status | Source of classification or shelving scheme | Damaged status | Not for loan | Collection code | Home library | Current library | Shelving location | Date acquired | Source of acquisition | Total Checkouts | Full call number | Barcode | Date last seen | Copy number | Price effective from | Koha item type |
|---|---|---|---|---|---|---|---|---|---|---|---|---|---|---|---|---|---|
| Library of Congress Classification | Non-fiction | Taytay College Library | Taytay College Library | Filipiniana Section | 10/21/2025 | Purchased | LB2517 .C737 2025 | URSTAY-5905 | 10/23/2025 | 1 | 10/23/2025 | Filipiniana | |||||
| Library of Congress Classification | Non-fiction | Taytay College Library | Taytay College Library | Filipiniana Section | 10/21/2025 | Purchased | LB2517 .C737 2025 | URSTAY-5906 | 10/23/2025 | 2 | 10/23/2025 | Filipiniana | |||||
| Library of Congress Classification | Non-fiction | Taytay College Library | Taytay College Library | Filipiniana Section | 10/21/2025 | Purchased | LB2517 .C737 2025 | URSTAY-5907 | 10/23/2025 | 3 | 10/23/2025 | Filipiniana | |||||
| Library of Congress Classification | Non-fiction | Taytay College Library | Taytay College Library | Filipiniana Section | 10/21/2025 | Purchased | LB2517 .C737 2025 | URSTAY-5908 | 10/23/2025 | 4 | 10/23/2025 | Filipiniana | |||||
| Library of Congress Classification | Non-fiction | Taytay College Library | Taytay College Library | Filipiniana Section | 10/21/2025 | Purchased | LB2517 .C737 2025 | URSTAY-5909 | 10/23/2025 | 5 | 10/23/2025 | Filipiniana | |||||
| Library of Congress Classification | Non-fiction | Taytay College Library | Taytay College Library | Filipiniana Section | 10/21/2025 | Purchased | LB2517 .C737 2025 | URSTAY-5910 | 10/23/2025 | 6 | 10/23/2025 | Filipiniana | |||||
| Library of Congress Classification | Non-fiction | Taytay College Library | Taytay College Library | Filipiniana Section | 10/21/2025 | Purchased | LB2517 .C737 2025 | URSTAY-5967 | 10/23/2025 | 6 | 10/23/2025 | Filipiniana |